[Event "Mittelfranken EM 2021"]
[Site "Nürnberg"]
[Date "2021.07.04"]
[Round "3.1"]
[White "Heimrath, Reiner"]
[Black "Ammon, Tobias"]
[Result "0-1"]
[WhiteElo "2192"]
[BlackElo "2134"]
[PlyCount "82"]
[EventDate "2021.??.??"]
[WhiteTeam "SC NT Nuernberg"]
[BlackTeam "SV Altensittenbach"]

1. e4 c6 2. g3 d5 3. Bg2 dxe4 4. Bxe4 Nf6 5. Bg2 e5 6. Ne2 Bc5 7. O-O O-O 8. d3
Be6 9. Nbc3 Nbd7 10. h3 Nd5 11. Kh2 N7f6 12. f4 exf4 13. Nxf4 Re8 14. Nxe6 Rxe6
15. Nxd5 Nxd5 16. Qh5 g6 17. Qg4 Qc7 18. Bf4 Nxf4 19. Rxf4 Rae8 20. Raf1 Bd6
21. R4f3 Re3 22. h4 h5 23. Qg5 Rxf3 24. Rxf3 Re5 25. Qf6 Re2 26. d4 Rxc2 27.
Re3 Qd7 28. Kg1 Bf8 29. Qf4 Rxb2 30. Kh1 Rxa2 31. d5 Bd6 32. dxc6 bxc6 33. Qd4
c5 34. Qd5 Ra1+ 35. Kh2 Ra4 36. Qa8+ Kg7 37. Re8 Rxh4+ 38. Kg1 Bxg3 39. Rg8+
Kf6 40. Rd8 Qf5 41. Bf3 Rh1+ 0-1

[Event "Mittelfranken EM 2021"]
[Site "Nürnberg"]
[Date "2021.07.04"]
[Round "3.2"]
[White "Boehme, Sebastian"]
[Black "Kotz, Reinhard"]
[Result "1-0"]
[WhiteElo "2154"]
[BlackElo "2163"]
[PlyCount "49"]
[EventDate "2021.??.??"]
[WhiteTeam "SC Erlangen"]
[BlackTeam "SK Herzogenaurach"]

1. d4 Nf6 2. Bf4 g6 3. Nc3 d5 4. e3 e6 5. Nf3 a6 6. Be2 c5 7. Ne5 Nc6 8. h4 h5
9. Kf1 Nxe5 10. Bxe5 Bd6 11. Bxd6 Qxd6 12. dxc5 Qxc5 13. Na4 Qa7 14. Qd4 Qxd4
15. exd4 Nd7 16. Rh3 b6 17. Rb3 Rb8 18. Rc1 Ke7 19. Ra3 Kd6 20. b4 Bb7 21. Nb2
Ra8 22. c4 Rhc8 23. c5+ Ke7 24. Rac3 b5 25. c6 1-0

[Event "Mittelfranken EM 2021"]
[Site "Nürnberg"]
[Date "2021.07.04"]
[Round "3.4"]
[White "Erlbeck, Peter"]
[Black "Kroneder, Christian"]
[Result "1-0"]
[WhiteElo "2070"]
[BlackElo "2050"]
[PlyCount "49"]
[EventDate "2021.??.??"]
[WhiteTeam "SW Nuernberg Sued"]
[BlackTeam "SK Schwanstetten"]

1. e4 e5 2. Nf3 Nc6 3. Bb5 a6 4. Bxc6 dxc6 5. O-O Qf6 6. d4 exd4 7. e5 Qg6 8.
Qxd4 c5 9. Qc3 Bd7 10. Bg5 f6 11. exf6 gxf6 12. Re1+ Be7 13. Bf4 O-O-O 14. Nbd2
Bd6 15. Bxd6 cxd6 16. Nc4 Bc6 17. Rad1 Nh6 18. Na5 Rhg8 19. Nh4 Qg5 20. Nxc6
bxc6 21. Qa5 Qxh4 22. Qxa6+ Kb8 23. Qb6+ Kc8 24. Qxc6+ Kb8 25. Rd3 1-0

[Event "Mittelfranken EM 2021"]
[Site "Nürnberg"]
[Date "2021.07.04"]
[Round "3.5"]
[White "Hofmann, Tim"]
[Black "Birkmann, Guenther"]
[Result "1-0"]
[WhiteElo "1793"]
[BlackElo "2025"]
[PlyCount "89"]
[EventDate "2021.??.??"]
[WhiteTeam "SW Nuernberg Sued"]
[BlackTeam "SC Stein"]

1. d4 g6 2. Nc3 Bg7 3. Bf4 d6 4. e4 Nf6 5. Bd3 Nc6 6. Nge2 e5 7. dxe5 dxe5 8.
Bg5 h6 9. Bh4 O-O 10. O-O Be6 11. Qe1 Nb4 12. Rd1 c6 13. Bc4 Qe7 14. Bxe6 Qxe6
15. Qd2 g5 16. Bg3 Rfe8 17. a3 Na6 18. f3 Nh5 19. Bf2 Bf8 20. b4 Nc7 21. g3 Qf6
22. Qe3 Ng7 23. Rd2 Nge6 24. Rfd1 b6 25. Kg2 c5 26. Nd5 Nxd5 27. exd5 Nd4 28.
c3 Nf5 29. Qd3 g4 30. Qe4 gxf3+ 31. Qxf3 cxb4 32. axb4 Bg7 33. Qg4 Nd6 34. c4
b5 35. c5 Nc4 36. Rc2 a5 37. Nc3 e4 38. Nxe4 Rxe4 39. Qxe4 axb4 40. Rxc4 bxc4
41. Qxc4 Qb2 42. c6 Ra2 43. Rf1 Qc2 44. Qxb4 Rb2 45. Qf4 1-0

[Event "Mittelfranken EM 2021"]
[Site "Nürnberg"]
[Date "2021.07.04"]
[Round "3.6"]
[White "Kocak, Ediz"]
[Black "Bruss, Robert"]
[Result "1-0"]
[WhiteElo "1970"]
[BlackElo "1781"]
[PlyCount "51"]
[EventDate "2021.??.??"]
[WhiteTeam "SG Fuerth"]
[BlackTeam "SG Fuerth"]

1. d4 c5 2. d5 Nf6 3. Nc3 e5 4. e4 d6 5. Nf3 Be7 6. Be2 O-O 7. O-O h6 8. a4 Nh7
9. Nd2 Bg5 10. Bg4 Bxd2 11. Bxd2 f5 12. exf5 Kh8 13. f4 Nd7 14. Qe2 Nhf6 15.
Bh3 Re8 16. Rae1 e4 17. Rd1 c4 18. Be3 b6 19. Qxc4 Bb7 20. Qd4 Rc8 21. Kh1 Ba6
22. Rg1 Rc4 23. Qd2 Qc7 24. g4 Rb8 25. Bf1 Rb4 26. Bxa6 1-0

[Event "Mittelfranken EM 2021"]
[Site "Nürnberg"]
[Date "2021.07.04"]
[Round "3.7"]
[White "Weissmann, Peter"]
[Black "Mueller, Christian"]
[Result "1/2-1/2"]
[WhiteElo "1736"]
[BlackElo "1946"]
[PlyCount "71"]
[EventDate "2021.??.??"]
[WhiteTeam "SG Fuerth"]
[BlackTeam "SW Nuernberg Sued"]

1. e4 c5 2. Nf3 g6 3. d4 cxd4 4. Nxd4 Bg7 5. Nc3 Nc6 6. Be3 Nf6 7. Be2 O-O 8.
h4 d5 9. Nxc6 bxc6 10. e5 Ne4 11. Nxe4 dxe4 12. Qxd8 Rxd8 13. Bf4 Rd5 14. c4
Ra5 15. b4 Bxe5 16. Bxe5 Rxe5 17. Rd1 Be6 18. O-O a5 19. a3 axb4 20. axb4 Ra2
21. Rfe1 e3 22. f3 Rd2 23. b5 cxb5 24. cxb5 Red5 25. Rb1 Bc8 26. f4 Bb7 27. Bf3
Rd7 28. Bxb7 Rxb7 29. Rxe3 Rd4 30. g3 Rd2 31. b6 e6 32. Rc3 Rd6 33. Rcb3 h5 34.
Kf2 Kf8 35. Ke3 Ke7 36. Rb5 1/2-1/2

[Event "Mittelfranken EM 2021"]
[Site "Nürnberg"]
[Date "2021.07.04"]
[Round "3.8"]
[White "Braun, Kristin"]
[Black "Dyroff, Roland"]
[Result "1-0"]
[WhiteElo "1910"]
[BlackElo "1766"]
[PlyCount "79"]
[EventDate "2021.??.??"]
[WhiteTeam "SC JAEKLECHEMIE"]
[BlackTeam "SW Nuernberg Sued"]

1. e4 c5 2. Nf3 e6 3. d4 cxd4 4. Nxd4 Nf6 5. Nc3 Nc6 6. Bf4 Bb4 7. Ndb5 e5 8.
Bg5 a6 9. Nd6+ Ke7 10. Nf5+ Kf8 11. a3 Bxc3+ 12. bxc3 d5 13. exd5 Qxd5 14. Qxd5
Nxd5 15. c4 Bxf5 16. cxd5 Nd4 17. O-O-O Nxc2 18. d6 f6 19. Bd3 Nd4 20. Be3 Bxd3
21. Rxd3 Ne6 22. Kb2 b5 23. Rc1 Kf7 24. Bb6 Rhc8 25. Rxc8 Rxc8 26. d7 Ra8 27.
d8=Q Nxd8 28. Rxd8 Rxd8 29. Bxd8 Ke6 30. Kc3 Kd7 31. Ba5 f5 32. f3 h5 33. Kd3
Kd6 34. f4 exf4 35. h4 Kd5 36. Bb4 f3 37. gxf3 g5 38. hxg5 h4 39. g6 h3 40. g7
1-0

[Event "Mittelfranken EM 2021"]
[Site "Nürnberg"]
[Date "2021.07.04"]
[Round "3.9"]
[White "Rhein, Thomas"]
[Black "Mammadov, Islam"]
[Result "1-0"]
[WhiteElo "1825"]
[BlackElo "1600"]
[PlyCount "95"]
[EventDate "2021.??.??"]
[WhiteTeam "SW Nuernberg Sued"]
[BlackTeam "TSV Maccabi Nuernberg e.V. 2016"]

1. e4 e6 2. d4 d5 3. Nc3 c5 4. exd5 exd5 5. Nf3 Nf6 6. Bg5 Be6 7. Bb5+ Nc6 8.
dxc5 Bxc5 9. O-O a6 10. Bd3 O-O 11. a3 Be7 12. h3 h6 13. Be3 Kh8 14. Nd4 Ne5
15. Qe2 Bc5 16. Nxe6 fxe6 17. Bxc5 Nxd3 18. Bxf8 Nf4 19. Qf3 Qc7 20. Bc5 e5 21.
Be3 d4 22. Bxf4 dxc3 23. Bxh6 cxb2 24. Rab1 Qd7 25. Rxb2 e4 26. Qc3 Rc8 27. Qe5
Re8 28. Qg5 Qf7 29. Qxg7+ Qxg7 30. Bxg7+ Kxg7 31. Rxb7+ Kg6 32. c4 Rc8 33. Rc1
Nd5 34. c5 Rc6 35. Rd7 Nf4 36. Rd6+ Rxd6 37. cxd6 Kf7 38. d7 Ke7 39. Rd1 Nd3
40. Kf1 Kxd7 41. Ke2 Kc6 42. Rxd3 exd3+ 43. Kxd3 Kb5 44. h4 Ka4 45. h5 Kxa3 46.
h6 a5 47. h7 Ka4 48. h8=Q 1-0

[Event "Mittelfranken EM 2021"]
[Site "Nürnberg"]
[Date "2021.07.04"]
[Round "3.10"]
[White "Lorenz, Mathias"]
[Black "Albayrak, Nese Pinar"]
[Result "1-0"]
[WhiteElo "1485"]
[BlackElo "1587"]
[PlyCount "125"]
[EventDate "2021.??.??"]
[WhiteTeam "SK Schwanstetten"]
[BlackTeam "SC NT Nuernberg"]

1. e3 e5 2. d4 e4 3. c4 Nf6 4. Nc3 g6 5. Qc2 Qe7 6. Nd5 Nxd5 7. cxd5 c6 8. Bc4
d6 9. dxc6 bxc6 10. Bb5 Bd7 11. Ba4 Bg7 12. Bd2 O-O 13. Ne2 Rc8 14. Nc3 c5 15.
dxc5 Rxc5 16. Bxd7 Qxd7 17. Qxe4 d5 18. Qf3 Nc6 19. O-O Ne5 20. Qe2 Nc4 21. Be1
Nxb2 22. Qxb2 Rac8 23. Rb1 Bxc3 24. Bxc3 Rxc3 25. Qb7 Qxb7 26. Rxb7 R8c7 27.
Rxc7 Rxc7 28. a4 Rc4 29. Ra1 Kf8 30. Kf1 Ke7 31. Ra2 f5 32. f4 Re4 33. Kf2 Kd6
34. Rb2 Kc6 35. Rb8 Rxa4 36. Rh8 Rb4 37. Rxh7 a5 38. Rh6 Rb6 39. Rxg6+ Kc5 40.
Rxb6 Kxb6 41. Ke2 Kc5 42. Kd2 d4 43. exd4+ Kxd4 44. h4 Kd5 45. Kc3 a4 46. Kb4
Ke4 47. g3 Kf3 48. Kxa4 Kxg3 49. h5 Kxf4 50. h6 Kg3 51. h7 f4 52. h8=Q Kg2 53.
Qg7+ Kf2 54. Qd4+ Kg3 55. Qg1+ Kf3 56. Qf1+ Kg3 57. Kb3 f3 58. Kc3 f2 59. Kd3
Kf3 60. Kd4 Kg3 61. Ke3 Kh2 62. Qxf2+ Kh1 63. Qb2 1-0

[Event "Mittelfranken EM 2021"]
[Site "Nürnberg"]
[Date "2021.07.04"]
[Round "3.11"]
[White "Dreiseitel, Werner"]
[Black "Albayrak, Aylin"]
[Result "0-1"]
[WhiteElo "1591"]
[BlackElo "1689"]
[PlyCount "82"]
[EventDate "2021.??.??"]
[WhiteTeam "SW Nuernberg Sued"]
[BlackTeam "SC NT Nuernberg"]

1. d4 Nf6 2. c4 g6 3. Nc3 Bg7 4. e4 d6 5. f4 O-O 6. Nf3 Bg4 7. Be2 Nbd7 8. O-O
Ne8 9. Be3 Rc8 10. Rc1 c6 11. Kh1 a6 12. Ng5 Bxe2 13. Qxe2 h6 14. Nf3 b5 15.
cxb5 axb5 16. a3 Nb6 17. Bg1 Nc4 18. e5 dxe5 19. dxe5 Nc7 20. Rcd1 Qe8 21. Rd3
Ne6 22. g3 c5 23. Rfd1 Qc6 24. Kg2 h5 25. Nd5 Rfe8 26. Bf2 f6 27. Qc2 fxe5 28.
fxe5 Nxe5 29. Nxe5 Bxe5 30. Re3 Bd4 31. Qxg6+ Ng7 32. Qxc6 Rxc6 33. Rxe7 Kf8
34. Rxe8+ Kxe8 35. Bxd4 cxd4 36. Rxd4 Rc2+ 37. Kh3 Rxb2 38. Rb4 Ra2 39. Nc7+
Kd7 40. Nxb5 Ne6 41. Rh4 Ng5# 0-1

[Event "Mittelfranken EM 2021"]
[Site "Nürnberg"]
[Date "2021.07.04"]
[Round "3.12"]
[White "Sarcevic, Ivo"]
[Black "Albayrak, Berrak"]
[Result "0-1"]
[WhiteElo "1643"]
[BlackElo "1473"]
[PlyCount "80"]
[EventDate "2021.??.??"]
[WhiteTeam "SW Nuernberg Sued"]
[BlackTeam "SC NT Nuernberg"]

1. e4 d6 2. Nc3 Nf6 3. Nf3 g6 4. Bc4 Bg7 5. d4 O-O 6. O-O a6 7. a3 b5 8. Ba2
Bb7 9. d5 Nbd7 10. Bg5 c5 11. dxc6 Bxc6 12. Re1 Re8 13. Rb1 a5 14. Nd5 h6 15.
Bxf6 Nxf6 16. Nxf6+ Bxf6 17. Bd5 Qc7 18. c3 Rab8 19. Bxc6 Qxc6 20. Nd4 Qc7 21.
Qd2 Kg7 22. Nf3 Rec8 23. Re3 Qc5 24. Rbe1 b4 25. axb4 axb4 26. e5 dxe5 27. Nxe5
Bg5 28. Nd3 Bxe3 29. Rxe3 bxc3 30. bxc3 Qxc3 31. Qe2 Rd8 32. Ne1 Rb2 33. Rxc3
Rxe2 34. Rc1 Rdd2 35. h3 Rxf2 36. Rc3 e5 37. Re3 Rfe2 38. Kf1 Rxe3 39. Nf3 Ra2
40. h4 Rb3 0-1

[Event "Mittelfranken EM 2021"]
[Site "Nürnberg"]
[Date "2021.07.04"]
[Round "3.13"]
[White "Mankus, Siegfried"]
[Black "Albayrak, Atilla"]
[Result "0-1"]
[WhiteElo "1494"]
[BlackElo "1632"]
[PlyCount "76"]
[EventDate "2021.??.??"]
[WhiteTeam "Zabo-Eintracht Nuernberg"]
[BlackTeam "SC NT Nuernberg"]

1. d4 d5 2. Nf3 e6 3. e3 Nf6 4. Bd3 c5 5. b3 Nbd7 6. O-O Be7 7. Bb2 O-O 8. Nbd2
Qc7 9. Ne5 cxd4 10. exd4 Bd6 11. f4 Ne4 12. Nxe4 dxe4 13. Bxe4 f6 14. Nxd7 Bxd7
15. Qf3 Rab8 16. h3 e5 17. fxe5 fxe5 18. Qh5 g6 19. Bxg6 hxg6 20. Qxg6+ Kh8 21.
Rf7 Rxf7 22. Qxf7 Rf8 23. Qh5+ Kg8 24. Qg6+ Kh8 25. c4 Be8 26. Qh6+ Kg8 27. Re1
Qf7 28. Qg5+ Kh8 29. Qe3 Qf4 30. dxe5 Qxe3+ 31. Rxe3 Bc5 32. Bc1 Rf5 33. e6 Kg8
34. g4 Bxe3+ 35. Bxe3 Re5 36. Bxa7 Rxe6 37. Kf2 Ra6 38. Bc5 Rxa2+ 0-1

[Event "Mittelfranken EM 2021"]
[Site "Nürnberg"]
[Date "2021.07.09"]
[Round "4.1"]
[White "Ammon, Tobias"]
[Black "Boehme, Sebastian"]
[Result "1-0"]
[WhiteElo "2134"]
[BlackElo "2154"]
[PlyCount "101"]
[EventDate "2021.??.??"]
[WhiteTeam "SV Altensittenbach"]
[BlackTeam "SC Erlangen"]

1. e4 c6 2. d4 d5 3. Nd2 dxe4 4. Nxe4 Bf5 5. Ng3 Bg6 6. Bc4 Nf6 7. N1e2 e5 8.
O-O exd4 9. Nxd4 Be7 10. h4 O-O 11. Be3 Qa5 12. c3 Rd8 13. b4 Qc7 14. h5 Be4
15. Nxe4 Nxe4 16. Qf3 Nd6 17. Bb3 Nd7 18. Bf4 Bf6 19. Rad1 Ne5 20. Qg3 Qe7 21.
Rfe1 Re8 22. Re2 Bh4 23. Qe3 Nec4 24. Qd3 Qf6 25. g3 Rxe2 26. Nxe2 Nb2 27. Qxd6
Nxd1 28. gxh4 Qxh4 29. Qxd1 Rd8 30. Qc2 Qxh5 31. Ng3 Qf3 32. Qf5 Qxc3 33. Qxf7+
Kh8 34. Qe7 Qf6 35. Qxf6 gxf6 36. Be3 b6 37. Nf5 h5 38. Kg2 Kh7 39. Kf3 Kg6 40.
Ne7+ Kg7 41. Nxc6 Rd7 42. Nd4 Kg6 43. Ne6 Rd6 44. Nf4+ Kf5 45. Nxh5 a5 46. Ng3+
Kg6 47. Ne4 Rd3 48. b5 f5 49. Ng3 Kf6 50. Kf4 Rc3 51. Bd4+ 1-0

[Event "Mittelfranken EM 2021"]
[Site "Nürnberg"]
[Date "2021.07.09"]
[Round "4.2"]
[White "Heimrath, Reiner"]
[Black "Erlbeck, Peter"]
[Result "1-0"]
[WhiteElo "2192"]
[BlackElo "2070"]
[PlyCount "51"]
[EventDate "2021.??.??"]
[WhiteTeam "SC NT Nuernberg"]
[BlackTeam "SW Nuernberg Sued"]

1. e4 c5 2. Nc3 Nc6 3. g3 g6 4. Bg2 Bg7 5. d3 d6 6. Nge2 Rb8 7. O-O h5 8. h3 h4
9. g4 b5 10. f4 e6 11. a3 Qc7 12. f5 b4 13. axb4 cxb4 14. Na4 gxf5 15. gxf5
exf5 16. exf5 Bf6 17. d4 Nce7 18. Bf4 Nxf5 19. c3 Nge7 20. Nc5 Ng6 21. Bh2 O-O
22. Ne4 Be7 23. Nf4 Ne3 24. Qh5 Nxg2 25. Nxg6 Bxh3 26. Qh8# 1-0

[Event "Mittelfranken EM 2021"]
[Site "Nürnberg"]
[Date "2021.07.09"]
[Round "4.3"]
[White "Schatz, Christian"]
[Black "Braun, Kristin"]
[Result "1/2-1/2"]
[WhiteElo "2219"]
[BlackElo "1910"]
[PlyCount "105"]
[EventDate "2021.??.??"]
[WhiteTeam "SC Postbauer-Heng"]
[BlackTeam "SC JAEKLECHEMIE"]

1. Nf3 c5 2. c4 g6 3. d4 cxd4 4. Nxd4 Nf6 5. Nc3 Bg7 6. e4 d6 7. Be2 Nc6 8. Be3
O-O 9. O-O Nxd4 10. Bxd4 Be6 11. f3 Nd7 12. Bxg7 Kxg7 13. Qd4+ Kg8 14. Nd5 Bxd5
15. exd5 Qb6 16. Qxb6 Nxb6 17. Rfe1 Rfc8 18. b3 Nd7 19. f4 Kf8 20. a4 a5 21.
Bg4 Rc7 22. Re3 Nc5 23. Rf1 Ra6 24. Bd1 Ra8 25. g4 f6 26. Bc2 Kf7 27. h4 Rg8
28. Rf2 Rcc8 29. Kh2 Rc7 30. Rfe2 Rd7 31. Kg3 Rc7 32. Rh2 Rg7 33. h5 Rc8 34.
Re1 Re8 35. Re3 Rc8 36. Rhe2 Rc7 37. h6 Rg8 38. Re1 Rgc8 39. Kh4 Rg8 40. Kg3
Rgc8 41. Kh4 Rg8 42. g5 f5 43. Kg3 Rgc8 44. Kf3 Rg8 45. Ke2 Rgc8 46. Kd2 Kf8
47. R1e2 Kf7 48. Kc3 Na6 49. Kb2 Re8 50. Ka3 Rcc8 51. Rg3 Rg8 52. Re6 Nc5 53.
Ree3 1/2-1/2

[Event "Mittelfranken EM 2021"]
[Site "Nürnberg"]
[Date "2021.07.09"]
[Round "4.4"]
[White "Kotz, Reinhard"]
[Black "Hofmann, Tim"]
[Result "0-1"]
[WhiteElo "2163"]
[BlackElo "1793"]
[PlyCount "146"]
[EventDate "2021.??.??"]
[WhiteTeam "SK Herzogenaurach"]
[BlackTeam "SW Nuernberg Sued"]

1. e4 c6 2. d4 d5 3. e5 Bf5 4. h4 h5 5. Bd3 Bxd3 6. Qxd3 Qa5+ 7. Bd2 Qa6 8. e6
Qxd3 9. cxd3 f6 10. Ne2 Nh6 11. Nf4 Nf5 12. Ng6 Rh7 13. Be3 Na6 14. Nc3 Nc7 15.
Nf4 O-O-O 16. Kd2 Rd6 17. Rac1 Kd8 18. b4 a6 19. a4 Nxe6 20. Nxe6+ Rxe6 21. b5
axb5 22. axb5 g6 23. Ra1 Bh6 24. Ra8+ Kc7 25. Bxh6 Rxh6 26. b6+ Kxb6 27. Rb1+
Kc7 28. Ra7 Nd6 29. Na4 Nb5 30. Nc5 Rd6 31. Rxb7+ Kd8 32. Ra1 Ke8 33. Re1 Rh7
34. Ne6 Kf7 35. Ng5+ fxg5 36. Rexe7+ Kf6 37. hxg5+ Kxg5 38. Rxh7 Nxd4 39. Rbd7
Re6 40. Rhe7 Rf6 41. Rf7 Re6 42. Rde7 Rd6 43. Kc3 Nf5 44. Re8 Nh4 45. g3 Nf5
46. Kb4 c5+ 47. Kxc5 Ra6 48. Kxd5 Ra5+ 49. Kc4 Nd6+ 50. Kb4 Rb5+ 51. Ka4 Nxe8
52. f4+ Kg4 53. Re7 Rb8 54. Re6 Kf5 55. Re5+ Kf6 56. d4 Nd6 57. d5 Nf5 58. Re6+
Kf7 59. Rc6 Nxg3 60. Ka5 Nf5 61. Ka6 h4 62. Rc7+ Kf6 63. Rc6+ Ke7 64. Rxg6 Rh8
65. Kb7 h3 66. Kc7 h2 67. Re6+ Kf7 68. Re5 Rh5 69. d6 h1=Q 70. d7 Qc1+ 71. Kd8
Rh8+ 72. Re8 Qb2 73. Rxh8 Qb8# 0-1

[Event "Mittelfranken EM 2021"]
[Site "Nürnberg"]
[Date "2021.07.09"]
[Round "4.5"]
[White "Rhein, Thomas"]
[Black "Vogiatzis, Dimitrios"]
[Result "1/2-1/2"]
[WhiteElo "1825"]
[BlackElo "2040"]
[PlyCount "82"]
[EventDate "2021.??.??"]
[WhiteTeam "SW Nuernberg Sued"]
[BlackTeam "SC NT Nuernberg"]

1. e4 e5 2. Nf3 Nc6 3. Bc4 Nf6 4. d3 Be7 5. c3 O-O 6. O-O d5 7. exd5 Nxd5 8.
Re1 Nb6 9. Bb5 f6 10. d4 exd4 11. Bxc6 bxc6 12. Nxd4 Bd6 13. Nd2 c5 14. Ne6
Bxh2+ 15. Kxh2 Qd6+ 16. Kg1 Bxe6 17. Ne4 Qxd1 18. Rxd1 c4 19. Nc5 Bf7 20. Be3
Rfd8 21. Bd4 a5 22. Re1 Re8 23. Kf1 a4 24. Rxe8+ Rxe8 25. Re1 Rxe1+ 26. Kxe1
Be8 27. Kd2 Nd5 28. g3 Kf7 29. a3 h5 30. Ke2 g5 31. Kf1 f5 32. Na6 f4 33. Nb4
Nxb4 34. axb4 f3 35. Be5 c6 36. Ke1 Ke6 37. Bc7 Kf5 38. Bd6 Ke4 39. Kd2 Bd7 40.
Be7 g4 41. Bd6 Kd5 1/2-1/2

[Event "Mittelfranken EM 2021"]
[Site "Nürnberg"]
[Date "2021.07.09"]
[Round "4.6"]
[White "Lorenz, Mathias"]
[Black "Kocak, Ediz"]
[Result "0-1"]
[WhiteElo "1485"]
[BlackElo "1970"]
[PlyCount "58"]
[EventDate "2021.??.??"]
[WhiteTeam "SK Schwanstetten"]
[BlackTeam "SG Fuerth"]

1. e3 d5 2. d4 Nf6 3. c4 e6 4. Nc3 Nbd7 5. c5 e5 6. Nge2 c6 7. a3 g6 8. b4 a6
9. dxe5 Nxe5 10. Nd4 Bg7 11. Na4 Bg4 12. f3 Be6 13. Nxe6 fxe6 14. Bb2 Nh5 15.
g3 O-O 16. f4 Nd7 17. Bh3 Qe7 18. O-O Rad8 19. Qe2 Bxb2 20. Nxb2 e5 21. Bxd7
Rxd7 22. fxe5 Qxe5 23. Rae1 Nf6 24. Nd1 Re7 25. Rf2 Rfe8 26. Rf4 Ne4 27. Qb2
Qxb2 28. Nxb2 Ng5 29. Kf2 Nh3+ 0-1

[Event "Mittelfranken EM 2021"]
[Site "Nürnberg"]
[Date "2021.07.09"]
[Round "4.7"]
[White "Mueller, Christian"]
[Black "Birkmann, Guenther"]
[Result "1/2-1/2"]
[WhiteElo "1946"]
[BlackElo "2025"]
[PlyCount "61"]
[EventDate "2021.??.??"]
[WhiteTeam "SW Nuernberg Sued"]
[BlackTeam "SC Stein"]

1. e4 c5 2. Nf3 e6 3. g3 Nc6 4. Bg2 Qc7 5. O-O Nf6 6. Qe2 d6 7. d3 Be7 8. h3
Rb8 9. Bf4 O-O 10. Nc3 a6 11. e5 Nd7 12. exd6 Bxd6 13. Bxd6 Qxd6 14. Ne4 Qe7
15. Rfd1 e5 16. c3 Re8 17. Ned2 b5 18. Re1 Nf6 19. Qe3 Bb7 20. Ng5 Rbc8 21. Nb3
h6 22. Ne4 Nxe4 23. Bxe4 Nd8 24. d4 cxd4 25. cxd4 Bxe4 26. Qxe4 Nc6 27. Rac1
exd4 28. Qxe7 Rxe7 29. Rxe7 Nxe7 30. Rxc8+ Nxc8 31. Nxd4 1/2-1/2

[Event "Mittelfranken EM 2021"]
[Site "Nürnberg"]
[Date "2021.07.09"]
[Round "4.8"]
[White "Dyroff, Roland"]
[Black "Weissmann, Peter"]
[Result "1-0"]
[WhiteElo "1766"]
[BlackElo "1736"]
[PlyCount "65"]
[EventDate "2021.??.??"]
[WhiteTeam "SW Nuernberg Sued"]
[BlackTeam "SG Fuerth"]

1. e4 c5 2. Nc3 d6 3. f4 Nc6 4. Bc4 e6 5. Nf3 a6 6. a4 g6 7. Ne2 Bg7 8. c3 d5
9. exd5 exd5 10. Ba2 Nge7 11. d4 cxd4 12. Nexd4 O-O 13. O-O Bg4 14. Be3 Qc7 15.
h3 Bxf3 16. Rxf3 Rad8 17. Bb1 Nxd4 18. Bxd4 Bxd4+ 19. Qxd4 Nc6 20. Qd2 f5 21.
Ba2 Ne7 22. Qd4 Nc6 23. Bxd5+ Rxd5 24. Qxd5+ Kg7 25. Qc5 Re8 26. b4 b6 27. Qf2
Re4 28. Rd1 h5 29. Qh4 Qf7 30. Rfd3 Re7 31. Rd6 Rc7 32. Re1 Re7 33. Rxc6 1-0

[Event "Mittelfranken EM 2021"]
[Site "Nürnberg"]
[Date "2021.07.09"]
[Round "4.10"]
[White "Albayrak, Berrak"]
[Black "Bruss, Robert"]
[Result "0-1"]
[WhiteElo "1473"]
[BlackElo "1781"]
[PlyCount "100"]
[EventDate "2021.??.??"]
[WhiteTeam "SC NT Nuernberg"]
[BlackTeam "SG Fuerth"]

1. e4 c5 2. Nc3 d6 3. g3 Nf6 4. Bg2 Nc6 5. d3 Bg4 6. f3 Bh5 7. Be3 e6 8. Nge2
d5 9. exd5 Nxd5 10. Nxd5 Qxd5 11. O-O Qd7 12. Nc3 Be7 13. Ne4 b6 14. g4 Bg6 15.
f4 Rc8 16. h4 Bxh4 17. f5 exf5 18. gxf5 Bxf5 19. Rxf5 O-O 20. Qg4 Nd4 21. Bxd4
Qxd4+ 22. Kh1 Qxb2 23. Raf1 Be7 24. c3 Rc6 25. Qf3 Qxa2 26. c4 Rh6+ 27. Kg1 Rg6
28. Kh1 Rh6+ 29. Kg1 f6 30. Nd6 Bxd6 31. Qd5+ Kh8 32. Qxd6 Rg8 33. Bd5 Rg6+ 34.
Kh1 Rh6+ 35. Kg1 Qb2 36. Be4 Rg6+ 37. Kh1 Qe2 38. R5f2 Rh6+ 39. Kg1 Qg4+ 40.
Rg2 Qh3 41. Qc7 Qe3+ 42. Rgf2 Rh5 43. Qd6 f5 44. Bg2 h6 45. Bf3 Rh4 46. Qd5 Rf8
47. Qe5 Rf6 48. Qg3 Rg4 49. Qxg4 fxg4 50. Bxg4 Rg6 0-1

[Event "Mittelfranken EM 2021"]
[Site "Nürnberg"]
[Date "2021.07.09"]
[Round "4.11"]
[White "Albayrak, Aylin"]
[Black "Mammadov, Islam"]
[Result "1-0"]
[WhiteElo "1689"]
[BlackElo "1600"]
[PlyCount "185"]
[EventDate "2021.??.??"]
[WhiteTeam "SC NT Nuernberg"]
[BlackTeam "TSV Maccabi Nuernberg e.V. 2016"]

1. d4 d5 2. c4 e6 3. Nf3 Nf6 4. Bg5 Nbd7 5. e3 c6 6. Be2 Be7 7. O-O O-O 8. Nc3
b6 9. Rc1 Bb7 10. cxd5 exd5 11. Re1 c5 12. Ne5 Ne4 13. Bf4 Nxe5 14. Bxe5 Bf6
15. Bxf6 Qxf6 16. dxc5 Qxf2+ 17. Kh1 Qxe3 18. Nxe4 Qxe4 19. c6 Bc8 20. Bf3 Qb4
21. Bxd5 Bg4 22. Qc2 Qd6 23. Qc4 h5 24. c7 b5 25. Qxb5 Rac8 26. Qc4 Qb6 27. h3
Bd7 28. Re7 Be8 29. Rce1 Kh8 30. Bxf7 Bxf7 31. Rxf7 Rxf7 32. Qxf7 Qxc7 33.
Qxh5+ Kg8 34. Re8+ Rxe8 35. Qxe8+ Kh7 36. Qe4+ Kg8 37. Qe3 Qd7 38. b3 Qd1+ 39.
Kh2 Qd6+ 40. Qg3 Qd8 41. b4 Qb6 42. a3 Qa6 43. Qb3+ Kh8 44. b5 Qd6+ 45. Qg3 Qb6
46. a4 Qa5 47. Qh4+ Kg8 48. Qc4+ Kh7 49. h4 Qd8 50. Kh3 Qd7+ 51. g4 Qb7 52.
Qd3+ Kg8 53. Qc4+ Kh8 54. Qc6 Qe7 55. Qc8+ Kh7 56. Qf5+ g6 57. Qd3 Qb7 58. Qf1
Qe4 59. Qf7+ Kh8 60. Qxa7 Qf3+ 61. Kh2 Qf4+ 62. Kg1 Qxg4+ 63. Kf1 Qd1+ 64. Kf2
Qc2+ 65. Kf3 Qf5+ 66. Ke3 Qe6+ 67. Kd3 Qb3+ 68. Ke4 Qe6+ 69. Kd4 Qf6+ 70. Kc4
Qf1+ 71. Kd5 Qf5+ 72. Kc6 Qe4+ 73. Kb6 Qd4+ 74. Kb7 Qd5+ 75. Ka6 Qe6+ 76. Qb6
Qc8+ 77. Ka7 Qd7+ 78. Kb8 Qe8+ 79. Kb7 Qd7+ 80. Qc7 Qd5+ 81. Kb8 Qd4 82. a5
Qxh4 83. a6 Qb4 84. b6 g5 85. a7 g4 86. a8=Q Qf8+ 87. Kb7 Qxa8+ 88. Kxa8 g3 89.
Qxg3 Kh7 90. b7 Kh6 91. b8=Q Kh7 92. Qbg8+ Kh6 93. Q8g6# 1-0

[Event "Mittelfranken EM 2021"]
[Site "Nürnberg"]
[Date "2021.07.09"]
[Round "4.12"]
[White "Mankus, Siegfried"]
[Black "Sarcevic, Ivo"]
[Result "0-1"]
[WhiteElo "1494"]
[BlackElo "1643"]
[PlyCount "142"]
[EventDate "2021.??.??"]
[WhiteTeam "Zabo-Eintracht Nuernberg"]
[BlackTeam "SW Nuernberg Sued"]

1. d4 d5 2. Nf3 Bf5 3. e3 e6 4. c4 a6 5. Nc3 Nf6 6. c5 c6 7. b4 h6 8. Ne5 Nbd7
9. f4 Nxe5 10. fxe5 Ne4 11. Nxe4 Bxe4 12. a4 Be7 13. Rg1 O-O 14. g3 b6 15. Bg2
Bg6 16. Ra2 b5 17. a5 f6 18. Bh3 f5 19. Rf2 Qe8 20. g4 Bh4 21. Rgf1 Bxf2+ 22.
Rxf2 Qe7 23. Qe2 Qh4 24. gxf5 exf5 25. Qf1 Bh5 26. Kd2 Bg4 27. Bxg4 fxg4 28.
Ke2 Rxf2+ 29. Qxf2 Qh5 30. Qg3 Rf8 31. e6 Rf3 32. Qb8+ Rf8 33. Qd6 g3+ 34. Kd2
Qxh2+ 35. Kd3 Qg2 36. e7 Qe4+ 37. Kc3 Re8 38. Qxg3 Rxe7 39. Qd6 Qe6 40. Qb8+
Re8 41. Qf4 Rf8 42. Qg3 Qf5 43. Qd6 Rf6 44. Qb8+ Kh7 45. Qg3 Qf1 46. Bd2 Qc4+
47. Kb2 Qd3 48. Qg2 Qf1 49. Qxf1 Rxf1 50. Kc3 g5 51. Kd3 g4 52. e4 dxe4+ 53.
Kxe4 Rf6 54. d5 cxd5+ 55. Kxd5 Rf8 56. Be1 Rd8+ 57. Kc6 Re8 58. Bg3 Re4 59. Kb6
Rxb4 60. Kxa6 Rb3 61. Bh4 g3 62. Bxg3 Rxg3 63. Kxb5 h5 64. a6 h4 65. a7 Ra3 66.
Kb6 h3 67. Kb7 h2 68. c6 h1=Q 69. Kb8 Qb1+ 70. Ka8 Qb6 71. c7 Qxa7# 0-1

[Event "Mittelfranken EM 2021"]
[Site "Nürnberg"]
[Date "2021.07.10"]
[Round "5.3"]
[White "Hofmann, Tim"]
[Black "Erlbeck, Peter"]
[Result "0-1"]
[WhiteElo "1793"]
[BlackElo "2070"]
[PlyCount "70"]
[EventDate "2021.??.??"]
[WhiteTeam "SW Nuernberg Sued"]
[BlackTeam "SW Nuernberg Sued"]

1. d4 f5 2. Nc3 Nf6 3. Bf4 g6 4. h4 Bg7 5. h5 Nxh5 6. Rxh5 gxh5 7. e4 O-O 8. e5
Nc6 9. Bc4+ e6 10. Qxh5 d5 11. exd6 cxd6 12. d5 Na5 13. Be2 e5 14. Bg5 Qb6 15.
O-O-O Bd7 16. Nf3 e4 17. Rh1 exf3 18. Qxh7+ Kf7 19. Qh5+ Kg8 20. Qh7+ Kf7 21.
Bxf3 Rg8 22. Bh5+ Kf8 23. Qg6 Qxb2+ 24. Kxb2 Bxc3+ 25. Kxc3 Rxg6 26. Bxg6 Kg7
27. Bh5 Rc8+ 28. Kd2 Nc4+ 29. Kd3 Ne5+ 30. Kd2 Rc5 31. Ke1 Rxc2 32. Bh6+ Kf6
33. Be3 Nd3+ 34. Kd1 Rxa2 35. Rh2 Ba4# 0-1